| 000 | 01027nas a2200337 4500 | ||
|---|---|---|---|
| 001 | BR0401448 | ||
| 003 | BR-BrBNA | ||
| 005 | 20231205104423.0 | ||
| 007 | ta | ||
| 008 | 230509b bl.|||p| |||| 00| 00por d | ||
| 040 |
_aBR-BrBNA _bpor _cBiblioteca Nacional de Agricultura |
||
| 041 | _a(Pt) | ||
| 072 | _aF30; E16 | ||
| 100 | 1 | _aNeumann, M. | |
| 100 | 1 | _aRestle, J. | |
| 100 | 1 | _aBrondani, I.L. | |
| 100 | 1 | _aNornberg, J.L. | |
| 100 | 1 | _aMello, R. de O. | |
| 100 | 1 | _aPellegrini, L.G. de | |
| 100 | 1 | _aSouza, A.N.M. de | |
| 245 | 1 | _aComportamento produtivo e custo de produção de híbridos de sorgo (Sorghum bicolor, L. Moench)para silagem | |
| 650 | _aSORGO | ||
| 650 | _aMATÉRIA SECA | ||
| 650 | _aHÍBRIDO | ||
| 650 | _aCOMPORTAMENTO DE VARIEDADE | ||
| 650 | _aCUSTO DE PRODUÇÃO | ||
| 650 | _aSILAGEM | ||
| 773 | 0 |
_tRevista Brasileira de Milho e Sorgo (Brazil) _xISSN 1676-689X _g(Sep-Dec 2003), v. 2(3) p. 43-54 _wBR0401448 |
|
| 909 |
_a202311 _bLúcia _c55 _dLúcia Elande |
||
| 942 |
_2AGRIS _n0 _cANA |
||
| 999 |
_c178057 _d178057 |
||